| 000 | 00800nas a2200277 4500 | ||
|---|---|---|---|
| 001 | BR0905301 | ||
| 003 | BR-BrBNA | ||
| 005 | 20231205113636.0 | ||
| 007 | ta | ||
| 008 | 230509b bl.|||p| |||| 00| 00por d | ||
| 040 |
_aBR-BrBNA _bpor _cBiblioteca Nacional de Agricultura |
||
| 041 | _a(En) | ||
| 072 | _aL74; L70 | ||
| 100 | 1 | _aMattos Júnior, E. | |
| 100 | 1 | _aRibeiro, E.A. | |
| 100 | 1 | _aSantos, G.J.V.G. dos | |
| 100 | 1 | _aRusso, C. | |
| 100 | 1 | _aHeadley, S.A. | |
| 245 | 1 | _aSpina bifida in a dead stillbirth mongrel dog | |
| 650 | _aCÃO | ||
| 650 | _aDOENÇA ANIMAL | ||
| 650 | _aRADIOGRAFIA | ||
| 773 | 0 |
_tSemina. Ciências Agrárias (Brazil) _xISSN 1676-546X _g(Apr-Jun 2007), v. 28(2) p. 295-298 _wBR0905301 |
|
| 909 |
_a202311 _bLúcia _c55 _dLúcia Elande |
||
| 942 |
_2AGRIS _n0 _cANA |
||
| 999 |
_c204846 _d204846 |
||